Booba - Friday - Statistiques

Statistiques générales
  • Ce quiz a été pris 56 fois
  • Le résultat moyen est 195 sur 399
Statistiques - réponses
Hint Réponse % Correct
S
98%
le
96%
Le
96%
à
89%
a
89%
de
89%
les
87%
Les
87%
au
82%
son
80%
Kalash
78%
ne
78%
Couplet 1 On
76%
on
76%
Intro Comme
73%
comme
73%
friday
73%
Friday
73%
La
73%
la
73%
73%
réveille
73%
Réveille
73%
ce
71%
ces
71%
d'la
71%
du
71%
je
71%
négro
71%
ça
69%
Ca
69%
jours
69%
qu'on
67%
c'est
64%
remplis
64%
tous
64%
Tous
64%
des
62%
j'ai
62%
Pré-refrain | Pré_refrain J'ai
62%
qui
60%
sénégalais
60%
tout
60%
dans
58%
fait
58%
cou
56%
moi
56%
pas
56%
schlass
56%
fallait
53%
ma
53%
un
53%
coup
51%
Gros
51%
il
51%
jamais
51%
me
51%
quand
51%
Quand
51%
qu'il
51%
connasse
49%
en
49%
j'aurai
49%
J'serai
49%
salaire
49%
Ta
49%
te
49%
va
49%
Allez
47%
allez
47%
Bleus
47%
l'cul
47%
Lions
47%
peu
47%
pris
47%
rien
47%
suis
47%
Tu
47%
car
44%
D2R2
44%
d'ta
44%
flow
44%
grâce
44%
l'Atlético
44%
mal
44%
nous
44%
années
42%
demande
42%
deux
42%
dit
42%
faire
42%
moins
42%
passe
42%
pute
42%
que
42%
animal
40%
avec
40%
beau
40%
d'enfant
40%
devons
40%
et
40%
mais
40%
quoi
40%
bails
38%
cousin
38%
d'une
38%
est
38%
humains
38%
instinct
38%
j'étais
38%
putain
38%
salam
38%
ton
38%
vaille
38%
veux
38%
baiser
36%
carrière
36%
corde
36%
dorsaux
36%
falloir
36%
fils
36%
garde
36%
guerre
36%
leur
36%
mif
36%
MMA
36%
n'est
36%
Passent
36%
passent
36%
pêche
36%
RSA
36%
six
36%
toi
36%
bats
33%
beaucoup
33%
couilles
33%
gos
33%
GTA
33%
j'vais
33%
Lamborghini
33%
minot
33%
négros
33%
pour
33%
santé
33%
t'faire
33%
tronche
33%
wesh
33%
y'a
33%
anus
31%
bouffer
31%
cellophanée
31%
détail
31%
étoiles
31%
foi
31%
Hey
31%
j'm'en
31%
J'vis-ser
31%
Milo
31%
plein
31%
ridais
31%
sous
31%
T'as
31%
t'as
31%
Couplet 2 T'es
31%
Vénus
31%
vitesses
31%
ailles
29%
anguille
29%
Chez
29%
chez
29%
fier
29%
jamain
29%
J'fais
29%
justice
29%
lui
29%
mon
29%
qu't'y
29%
qu'un
29%
roche
29%
aux
27%
Christ
27%
craché
27%
crimes
27%
d'euros
27%
dis-je
27%
faits
27%
fanée
27%
game
27%
j'en
27%
Jésus
27%
J-Lo
27%
Marie
27%
Méprise
27%
Million
27%
nies
27%
roro
27%
travers
27%
Vierge
27%
chargée
24%
commis
24%
fleur
24%
fois
24%
fuck
24%
guerres
24%
J'suis
24%
l'drap
24%
maîtrise
24%
prend
24%
room
24%
t'encule
24%
10
22%
assises
22%
clashs
22%
depuis
22%
fer
22%
Kamasutra
22%
l'coffre
22%
l'été
22%
l'hiver
22%
roue
22%
slip
22%
soixante-cinco
22%
tourne
22%
euros
20%
J'charbonne
20%
j'charbonne
20%
j'rôde
20%
L'arme
20%
piges
20%
sal-zer
20%
dira
18%
n'a
18%
schmitts
18%
Théo
18%
champagne
16%
métal
16%
m'regardent
16%
pétales
16%
Route
16%
debout
13%
j'apelle
13%
pavée
13%
K.O
11%
Mondeo
11%
Ford
9%
romme
2%
Aucun quiz correspondant
Distribution des résultats
% des personnes avec chaque résultat
Percentile par nombre de réponses
Votre historique - résultats
Vous n’avez pas pris ce quiz